Tanks used by india - Statistics

General Stats
  • This quiz has been taken 93 times
  • The average score is 2 of 7
Answers on the Grid
Answers color-coded by a green-red scale on the quiz's grid according to % correct below.
T72
T64
Cheiftain
Centurion
M48
M4
T34
T55
M47
Vickers Mk3
T90
T80
Amx 30
Leopard 1
Amx 13
Vickers mk.1
 
Answer Stats
Answer % Correct
T72
68%
T90
35%
Centurion
30%
M4
14%
T55
11%
Vickers mk.1
8%
Amx 13
3%
No matching quizzes found
Score Distribution
Percent of People with Each Score
Percentile by Number Answered
Your Score History
You have not taken this quiz